Manual de consultoría en psicología y psicopatología clínica, legal, jurídica, criminal y forense (Registro nro. 159713)

Detalles MARC
000 -LEADER
fixed length control field 01254ny a22003133n 4500
003 - CONTROL NUMBER IDENTIFIER
control field CaPaEBR
006 - FIXED-LENGTH DATA ELEMENTS--ADDITIONAL MATERIAL CHARACTERISTICS--GENERAL INFORMATION
fixed length control field m u
007 - PHYSICAL DESCRIPTION FIXED FIELD--GENERAL INFORMATION
fixed length control field cr cn|||||||||
008 - FIXED-LENGTH DATA ELEMENTS--GENERAL INFORMATION
fixed length control field 200807r2008 sp |||||s|||||||||||spa d
020 ## - INTERNATIONAL STANDARD BOOK NUMBER
International Standard Book Number 9788476988121
035 ## -
-- 2165
040 ## - CATALOGING SOURCE
Original cataloging agency FlNmELB
Transcribing agency FlNmELB
Modifying agency vlex
050 14 -
-- BF121
-- T565 2008eb
080 ## -
-- 159.9:340.6
090 ## -
-- 1222
-- 1222
100 1# - MAIN ENTRY--PERSONAL NAME
Personal name Tiffon Nonis, Bernat-Noèel
Dates associated with a name 1972-
245 10 - TITLE STATEMENT
Title Manual de consultoría en psicología y psicopatología clínica, legal, jurídica, criminal y forense
Medium [Recurso electrónico]
256 ## -
-- Servicio en línea
260 ## - PUBLICATION, DISTRIBUTION, ETC. (IMPRINT)
Place of publication, distribution, etc Barcelona :
Name of publisher, distributor, etc Bosch Editor,
Date of publication, distribution, etc 2008
300 ## - PHYSICAL DESCRIPTION
Extent 10-366 p
506 1# - RESTRICTIONS ON ACCESS NOTE
Terms governing access Contenido solo disponible en los productos indicados
Authorized users vLex Global
-- vLex Global (Academic Edition, excluding Law Schools)
-- vLex Global (U.S. Academic Edition, Law Schools)
-- vLex Global (U.S. Academic Edition, excluding Law Schools)
-- vLex Global (Academic Edition, Law Schools)
650 07 - SUBJECT ADDED ENTRY--TOPICAL TERM
Source of heading or term Tesauro vLex
Topical term or geographic name as entry element Medicina Legal
650 07 - SUBJECT ADDED ENTRY--TOPICAL TERM
Source of heading or term Tesauro vLex
Topical term or geographic name as entry element Penal
650 07 - SUBJECT ADDED ENTRY--TOPICAL TERM
Source of heading or term Tesauro vLex
Topical term or geographic name as entry element Escuela de medicina legal
740 0# -
-- vLex Libros (Servicios en línea)
856 40 - LOCALIZACIÓN Y ACCESO ELECTRÓNICO
Identificador Uniforme del Recurso (URI/URL) https://app.vlex.com/#/sources/2165
942 ## -
-- RAA
999 ## -
-- 159713
-- 159713

No hay ítems disponibles.


CONTACTO


NOSOTROS


SITIOS DE INTERES

coordinacion.biblioteca.biblioteca@unienlinea.mx Misión, Visión y Objetivos Bases de datos
Directorio Bibliotecas Digitales y Repositorios
Normatividad Revistas y artículos
Convenios interbibliotecarios
Boletines



Hecho en México. Universidad Insurgentes (UIN). Todos los derechos reservados 2024. Esta página y sus contenidos pueden ser reproducidos con fines no lucrativos, siempre y cuando no se mutile, se cite la fuente completa y su dirección electrónicas. De otra forma requiere permiso previo por escrito de la institución




2024 Copyright Universidad Insurgentes | www.bibliouin.com.mx